000 00674nam a2200229 a 4500
001 50100
003 BD-RjUL
005 20211209075446.0
008 160823s1963 enk||||| |||| 001 0 eng d
035 _a(BD-RjUL) 50220
040 _aBD-RjUL
_beng
_cBD-RjUL
_dBD-RjUL
041 _aeng
082 _223
_a371.74
_bMEI 1963
100 1 0 _aMeans, Louis E.
_9150147
245 1 0 _aIntramurals :
_btheir organization and administration /
_cLouis E Means
260 _aEngiewood :
_bPrentice-hall,
_cc1963
300 _axi, 403 p. ;
_bill. ;
_c26 cm.
500 _aInclude index
650 _aIntramural sports
_9149601
650 _aSports intra-muros.
_9150148
942 _2ddc
_cBK
999 _c50100
_d50100